000 01090nas a2200325 4500
001 BR2019001705
003 BR-BrBNA
005 20231205131949.0
007 ta
008 230509b bl.|||p| |||| 00| 00por d
040 _aBR-BrBNA
_bpor
_cBiblioteca Nacional de Agricultura
041 _a(En)
072 _aL01; U10
100 1 _aFreitas, L.C. da S.R.
100 1 _aTinôco, I. de F.F.
100 1 _aGates, R.S.
100 1 _aBarbari, M.
100 1 _aCândido, M.G.L.
100 1 _aToledo, J.V.
245 1 _aDevelopment and validation of a data logger for thermal characterization in laying hen facilities
650 _aAVICULTURA
650 _aINSTALAÇÃO PARA ANIMAL
650 _aCONTROLE TÉRMICO
650 _aTEMPERATURA
650 _aPROGRAMA DE COMPUTADOR
773 0 _tRevista Brasileira de Engenharia Agrícola e Ambiental (Brazil)
_xISSN 1807-1929
_g(Oct 2019), v. 23(10) p. 787-793
_wBR2019001705
856 4 0 _uhttp://www.scielo.br/pdf/rbeaa/v23n10/1415-4366-rbeaa-23-10-0787.pdf
909 _a202311
_bLúcia
_c55
_dLúcia Elande
942 _2AGRIS
_n0
_cANA
999 _c257706
_d257706